banner-ar

HEALTH EDUCATION LEARNER - CENTERED INSTRUCTIONAL STRATEGIES / (Record no. 11718)

MARC details
000 -الفاتح
حقل البيانات ثابتة الطول 00531nam a2200181Ia 4500
008 - عناصر البيانات ثابتة الطول - معلومات عامة
حقل البيانات ثابتة الطول 140319s9999 xx 000 0 eng d
040 ## - مصدر الفهرسة
وكالة الفهرسة الأصلية GCL /
وكالة النسخ GCL
082 04 - رقم تصنيف ديوى العشرى
رقم التصنيف 610.71
رقم المادة G H
100 1# - المدخل الرئيسى - إسم شخصى
الإسم الشخصى GREENNERS, JERROLD S.
245 10 - بيان العنوان
العنوان HEALTH EDUCATION LEARNER - CENTERED INSTRUCTIONAL STRATEGIES /
بيان المسئوليه,etc GREENNERS, JERROLD S.
260 ## - PUBLICATION, DISTRIBUTION, ETC. (IMPRINT)
تاريخ النشر أو التوزيع 1995
300 ## - الوصف المادى
التعداد 289 P
650 04 - المدخل الاضافى بالموضوع-مصطلح موضوعى
مصطلح موضوعي PHYSICAL EDUCATION
650 04 - المدخل الاضافى بالموضوع-مصطلح موضوعى
مصطلح موضوعي HEALTH
650 04 - المدخل الاضافى بالموضوع-مصطلح موضوعى
مصطلح موضوعي HEALTH EDUCATION
942 ## - عناصر المدخل الإضافي( كوها)
مصدر التصنيف او مخطط الترفيف Dewey Decimal Classification
Koha [default] item type كتاب
260 ## - PUBLICATION, DISTRIBUTION, ETC. (IMPRINT)
-- [S.N] :
-- W C B BROUN AND BENCHMSRK PUBBISHERS ،
Holdings
حالة التراجع حالة الفقد حالة تلف ليس للاعارة المكان المؤقت الموقع الحالى تاريخ الاكتساب اجمالي اﻻعارات رقم الطلب الباركود تاريخ اخر مشاهدة تاريخ تفعيل السعر نوع وعاء كوها
        مكتبة القاهرة الكبرى مكتبة القاهرة الكبرى 03/26/2014   610.71\G H 23046 03/26/2014 03/26/2014 كتاب

Powered By

EGPV